• 首页
  • 本馆介绍
  • 公告通知
  • 最新文献
  • 馆藏检索
  • 电子资源
  • 读者导购
  • 参考咨询
  • 我的图书馆
  • 登录
  • 详细信息显示
  • 放入我的书架
  • 预约/预借图书
  • 作者相关作品
  • 分类相关作品
  • 丛书相关作品
  • 出版社相关作品

书目信息

  • 表格格式
  • 工作单格式
  • 卡片格式
题名:
英国简史
    
 
作者: 布莱克 著 ;廖文静 译
分册:  
出版信息: 武汉   华中科技大学出版社  2016
页数: 229页
开本: 21cm
丛书名:
单 册:
中图分类: K561.0
科图分类:
主题词:
电子资源:
ISBN: 978-7-5680-1577-6
000 00927nam0 22002651 450
001 0109172536
005 20170310090926.35
010    @a978-7-5680-1577-6@dCNY29.80
100    @a20160630d2016 em y0chiy50 ea
101 1  @achi@ceng
102    @aCN@b420000
105    @ay z 000yy
106    @ar
200 1  @a英国简史@9ying guo jian shi@dA Short history of Britain@f(英)杰里米·布莱克(Jeremy Black)著@g廖文静译@zeng
205    @a2版
210    @a武汉@c华中科技大学出版社@d2016
215    @a229页@d21cm
330    @a本书通过对历史事件的梳理,联系21世纪的苏格兰独立公投事件,从历史的角度,讲述了英国四个组成部分的关系和历史渊源。
510 1  @aShort history of Britain@zeng
607    @a英国@Aying guo@x历史
690    @aK561.0@v5
701  0 @c(英)@a布莱克@9bu lai ke@c(Black, Jeremy@f1955~)@4著
702  0 @a廖文静@9liao wen jing@4译
801  0 @aCN@bTANGWEI@c20170308
905    @b0954408-10@dK561.0@e27=2@f3
    
    英国简史=A Short history of Britain/(英)杰里米·布莱克(Jeremy Black)著/廖文静译.-2版.-武汉:华中科技大学出版社,2016
    229页;21cm
    
    
    ISBN 978-7-5680-1577-6:CNY29.80
    本书通过对历史事件的梳理,联系21世纪的苏格兰独立公投事件,从历史的角度,讲述了英国四个组成部分的关系和历史渊源。
●
相关链接 在E读中查询图书 在五车中查询图书 在当当中查询图书 在豆瓣中查询图书


正题名:英国简史     索取号:K561.0/27=2         预约/预借

序号 登录号 条形码 馆藏地/架位号 状态 备注
1 0954408   209544082   第二样本阅览室/ [索取号:K561.0/27=2] 在馆    
2 0954409   209544091   第二借阅区/ [索取号:K561.0/27=2] 在馆    
3 0954410   209544108   第二借阅区/ [索取号:K561.0/27=2] 在馆    
唐山师范学院图书馆 欢迎您!
大连网信软件有限公司© 版权所有